Tarn ou Tarn-et-Garonne ? - Statistiques

Statistiques générales
  • Ce quiz a été pris 105 fois
  • Le résultat moyen est 30 sur 40
Statistiques - réponses
Hint Réponse % Correct
Sa sous-préfecture est Castres Tarn
94%
A pour préfecture Albi Tarn
94%
Porte le numéro 81 Tarn
93%
On peut y visiter le musée Ingres Bourdelle Tarn-et-Garonne
93%
A pour préfecture Montauban Tarn-et-Garonne
93%
Porte le numéro 82 Tarn-et-Garonne
93%
Sa sous-préfecture est Castelsarrasin Tarn-et-Garonne
92%
On peut y visiter le musée Toulouse-Lautrec Tarn
90%
Le vin de Gaillac y est produit Tarn
90%
La centrale nucléaire de Golfech s'y trouve Tarn-et-Garonne
90%
Le village de Cordes, choisi comme village préféré des Français s'y trouve Tarn
88%
La Lomagne est une de ses régions Tarn-et-Garonne
88%
Il culmine à 1267 mètres Tarn
85%
Jean Jaurès en a été député Tarn
83%
La cité épiscopale de sa préfecture est classée au Patrimoine mondial de l'Unesco Tarn
82%
On peut y visiter Lauzerte Tarn-et-Garonne
82%
On peut y découvrir le cloitre de Moissac Tarn-et-Garonne
82%
Le département possède trois cathédrales Tarn
80%
Il a été créé en 1808 Tarn-et-Garonne
79%
Compte 391 066 habitants en 2020 Tarn
77%
On peut s'y promener dans la vallée du Viaur Tarn
76%
Les cyclistes Laurent et Nicolas Jalabert y sont nés Tarn
75%
Il culmine à 504 mètres Tarn-et-Garonne
75%
En 2022, il a connu 2190 heures d'ensoleillement Tarn-et-Garonne
73%
Il a été créé par amputation de quatre départements Tarn-et-Garonne
73%
Sa superficie est de 5758 km2 Tarn
70%
Compte 262 316 d'habitants en 2020 Tarn-et-Garonne
69%
Il a été créé en 1790 Tarn
68%
Le vin de Brulhois y est produit Tarn-et-Garonne
68%
Le sportif Vincent Moscato y est né Tarn
67%
Le maréchal Soult y est né Tarn
65%
Sa superficie est de 3717 km2 Tarn-et-Garonne
64%
Pierre Perret est né dans sa sous-préfecture Tarn-et-Garonne
64%
Il a été créé sur décision de Napoléon 1er Tarn-et-Garonne
63%
On peut voir 4 léopards sur son blason Tarn-et-Garonne
62%
Le mathématicien Pierre de Fermat y est né Tarn-et-Garonne
60%
Le festival Musique des Lumières s'y déroule en juillet Tarn
56%
Le festival Festimoun's s'y déroule en août Tarn-et-Garonne
54%
En 2022, il a connu 2340 heures d'ensoleillement Tarn
52%
Le 5e Régiment de Parachutistes d'Infanterie de Marine y tient garnison depuis 1962 Tarn
42%
Aucun quiz correspondant
Distribution des résultats
% des personnes avec chaque résultat
Percentile par nombre de réponses
Votre historique - résultats
Vous n’avez pas pris ce quiz